01151ntm a22002417a 450000500170000000800410001704000280005808200170008610000210010324501700012424601520029426000100044630000350045650001850049159000120067665000390068865300230072765500090075070000240075994200080078399900170079195201010080820170810130737.0170802s2014 xx a frb 000 0 eng d aEG-ScBUEbengcEG-ScBUE04222a624bAKR1 aAkram, Moustafa.10aDesign approach to use project management office -PMO- in construction projects with a case study of applying this approach in carshowroom project /cMoustafa Akram.30aDesign approach to use project management office -PMO- on Construction projects with a case study of applying this approach in car showroom project c2014. a74 p. :bill. (col.) ;c28 cm. aA design thesis submitted to the faculty of engineering, the British University in Egypt, in partial fulfillment of the requirements for the bachelor degree in civil engineering.  aAngham. 72BUEshaCivil EngineeringvProjects bENGCIVcAugust2017 vSPRO1 aNassar, Ayman.eths 2ddc c25370d25342 00102ddc4070aMAINbMAINc2NDd2017-08-09l0o624 AKRp000046798r2025-07-15 00:00:00yPROJST